Statistics for Something in the Way You Move - Ellie Goulding (All Lyrics)

Click here to take the quiz!

General Stats

  • This quiz has been taken 106 times
  • The average score is 323 of 402

Answer Stats

Answer % Correct
I
100%
the
99%
you.
99%
move.
99%
move,
99%
you
99%
in
99%
so
99%
way
99%
something
97%
Something
97%
me.
94%
it
94%
me
94%
it,
94%
it.
94%
a
93%
do,
91%
do.
91%
do
91%
to
82%
an
81%
is
81%
your
79%
Your
79%
for?
78%
for
78%
on
76%
But
74%
can
74%
It's
74%
it's
74%
There's
74%
Not
72%
and
72%
not
72%
And
72%
I'm
72%
like
69%
what
68%
see
66%
this
66%
feeling
66%
feeling,
66%
all.
66%
're
66%
with
65%
With
65%
heart
63%
Heart
63%
my
62%
don't
62%
When
60%
was
60%
here
59%
strangest
59%
just
59%
night
57%
gonna
57%
waiting
56%
enough.
56%
lose.
56%
first
56%
lose
56%
know
56%
one
56%
enough
56%
fire,
54%
never
54%
Playing
54%
tonight
54%
end.
54%
tonight.
54%
only
54%
fall.
53%
Baby
53%
eyes
53%
can't
51%
good
51%
yours
51%
again.
51%
our
50%
thing
50%
through
49%
healing,
49%
through.
49%
sinking
49%
kill
49%
cannonball.
47%
body
47%
meet,
46%
nothing
46%
heartache
44%
evil
44%
always
44%
closer,
43%
take
43%
lies
43%
Push
43%
open,
43%
true.
43%
shine
43%
change
41%
ways.
41%
bone
41%
further.
41%
stars
41%
bloodstain
41%
sleeve.
41%
seem
40%
lonely
40%
days.
40%
back
38%
left
34%
Break
34%
air,
34%
rain
34%
sit
32%
pours
29%

Score Distribution

Percentile by Number Answered

Percent of People with Each Score

Your Score History

You have not taken this quiz